000 00450cam a22001337a 4500
008 180718b1979 xxu||||| |||| 00| 0 eng d
082 _aA81x54 In2/71/18/PT2B/2A
100 _aCensus of India 1971
245 _aRajasthan: economic tables
260 _aDelhi
_bThe Controller of Publications
_c1979
300 _a401+p.
440 _aCensus of India 1971. Series-18, Rajasthan. Part II-B (ii)-A
500 _aContents: Tables B-I, Part B & B-III to B-V
999 _c485384
_d485384